Szczegóły MARC21

Zarządzanie jakością w sektorze usług finansowych /

003 -Nazwa inst., której nr kontr. jest w polu 001 [,]
    • @
    • Nazwa instytucji, której n kontrolny jest w polu 001
    • NUKAT
005 -DATA I CZAS OSTATNIEJ MODYFIKACJI [,]
    • @
    • pole kontrolne
    • 20241231090007.0
020 -Międzynarod. znormalizowany nr książki - ISBN [ , ]
    • a
    • Numer ISBN
    • 8386621125 Find
040 -Instytucja sporządzająca opis [ , ]
    • a
    • Instytucja, która sporządziła opis (NP)
    • OLSZT 003/BG
    • c
    • Instytucja, która sporządziła rekord (NP)
    • OLSZT 003/BG
    • d
    • Instytucja, która zmodyfikowała rekord (P)
    • OLSZT 003/KBs
    • d
    • Instytucja, która zmodyfikowała rekord (P)
    • GL 001/JK
041 -Język dokumentu [1, ]
    • a
    • Język tekstu (P)
    • polski
    • h
    • Język tekstu oryginalnego i/lub pośredniego (P)
    • eng
942 -Rodzaj dokumentu [ , ]
    • c
    • Rodzaj dokumentu
    • Książka
100 -Hasło główne - nazwa osobowa [1, ]
    • a
    • Nazwa osobowa (NP)
    • Ansell, Tony.
    • 9
    • KHW
    • 696148
245 -Strefa tytułu i oznaczenia odpowiedzialności [1,0]
    • a
    • Tytuł
    • Zarządzanie jakością w sektorze usług finansowych / Find
    • c
    • Pozostałe elementy strefy tytułu i oznaczenia odpowiedzialności (NP)
    • Tony Ansell ; [tł. Magdalena Jankowska].
246 -Wariant tytułu [1, ]
    • i
    • Tekst wyświetlany na ekranie monitora (NP)
    • Tyt. oryg.:
    • a
    • Tytuł (NP)
    • Managing for quality in the financial services industry
246 -Wariant tytułu [1,4]
    • a
    • Tytuł (NP)
    • Zarządzanie jakością w sektorze usług finansowych :
    • b
    • Ciąg dalszy tytułu (NP)
    • narzędzia zarządzania jakością oraz ich zastosowania
260 -Strefa adresu wydawniczego [ , ]
    • a
    • Miejsce wydania (P)
    • Warszawa :
    • b
    • Nazwa wydawcy (P)
    • Związek Banków Polskich,
    • c
    • Data wydania (P)
    • 1997.
300 -Strefa opisu fizycznego [ , ]
    • a
    • Określenie formy książki i/lub objętość (NP)
    • 396 s. :
    • b
    • Oznaczenie ilustracji (NP)
    • il. ;
    • c
    • Format (NP)
    • 24 cm.
336 -Typ zawartości [ , ]
    • a
    • Termin opisujący typ zawartości
    • Tekst
    • b
    • Kod określający zawartość
    • txt
    • 2
    • Źródło (terminu i kodu)
    • rdacontent
337 -Typ mediów [ , ]
    • a
    • Tryb odtwarzania
    • Bez urządzenia pośredniczącego
    • b
    • Kod typu mediów
    • n
    • 2
    • Źródło (terminu i kodu)
    • rdamedia
338 -Typ/rodzaj nośnika [ , ]
    • a
    • Hasło opisujące typ nośnika
    • Wolumin
    • b
    • Kod typu nośnika
    • nc
    • 2
    • Źródło (terminu i kodu)
    • rdacarrier
504 -Uwaga dot. bibliogr. załącznikowej [ , ]
    • a
    • Uwaga dot. bibliografii załącznikowej
    • Indeks.
080 -Uniwersalna Klasyfikacja Dziesiętna [ , ]
    • a
    • Symbol klasyfikacji
    • 658.56.012.4
080 -Uniwersalna Klasyfikacja Dziesiętna [ , ]
    • a
    • Symbol klasyfikacji
    • :336.7
650 -Hasło przedmiotowe [ ,7]
    • a
    • Hasło przedmiotowe
    • Usługi finansowe
    • x
    • Określnik rzeczowy
    • kontrola jakości.
    • 2
    • Źródło terminu
    • kaba
    • 9
    • KHW
    • 696282
650 -Hasło przedmiotowe [ ,7]
    • a
    • Hasło przedmiotowe
    • Zarządzanie jakością.
    • 2
    • Źródło terminu
    • kaba
    • 9
    • KHW
    • 137465
980 -Symbol UKD [ , ]
    • a
    • UKD
    • 658.56.012.4:336.7
700 -Hasło dodatkowe - nazwa osobowa [1, ]
    • a
    • Nazwa osobowa (NP)
    • Jankowska, Magdalena Find
    • c
    • Dopowiedzenie inne niż daty biograficzne (NP)
    • (tłumacz).
    • e
    • Określenie rodzaju współpracy
    • Tł.
    • 9
    • KHW
    • 696149
710 -Hasło dodatkowe - nazwa ciała zbiorowego [2, ]
    • a
    • Nazwa ciała zbiorowego lub nazwa geograficzna jako pierwszy element (NP)
    • Związek Banków Polskich.
    • 4
    • Kod relacji
    • pbl
    • 9
    • KHW
    • 12745
920 -ISBN [ , ]
    • a
    • ISBN
    • 83-86621-12-5 Find
Sygnatura Status udost. Numer inwentarzowy Lokalizacja Data inwentaryzacji
 2S.84575BE1999-12-08
 2S.84576BE1999-12-08
 2S.84577BE1999-12-08
 2S.84578BE1999-12-08
 -6S.84579BE1999-12-08
 2S.84580BE1999-12-08
 -6S.84581BE1999-12-08
 -2E.66377BE1999-12-08
 -6S.84874BE2000-01-13
 -3S.84875BE2000-01-13
W.201023-3W.201023BG1999-12-08
 2T.1445T1999-12-08
T.1446-3T.1446T1999-12-08